01360nam a22003737a 4500003000500000005001700005008004100022010001000063011001000073035001000083040000900093090001000102100004300112245007100155260004000226300001300266502008200279590003700361590004100398590004100439590004100480590004200521650004200563650004600605650003500651650003000686710003400716901000700750942001000757949004200767949003300809999001700842952012700859CHAP20220817043238.0971013s1989 r 00010 d a69478 a70450 a79931 cCHAP aTesis00aPaz Méndez, J. Jesús de la.986357 aDiagnóstico agrícola integral del municipio de Tlalchapa, Gro. aChapingo, Méx. :bEl autor,c1989 a[124 h.] aTesis (Ing. Agrónomo esp. en Suelos) -- UACH. Departamento de Suelos 34-133 aALEPHb10c20130110lUCH01h1408 aBATCH-UPDb10c20130110lUCH01h0812 aBATCH-UPDb10c20130410lUCH01h0449 aBATCH-UPDb10c20130914lUCH01h1555 aCONVERSIONb10c20130109lUCH01h133814aGuerreroxCondiciones rurales.95118014aSuelosxConservaciónxGuerrero.911029914aSuelosxDegradación.911033614aSuelosxGuerrero.91103860 aUACH. Departamento de Suelos. aBK cTESIS bBCcTESd-32822eTS1h21914i79931si bScTESd-4215eTS1i79931si c69478d69478 00102local4051708TESISaBCbBCcPA_TESISd2019-12-31fTESISl0oTesisp-32822r2019-12-31 00:00:00w2019-12-31yTESIS